MARC

LEADER 00000nam^a2200000^a^4500
001 000146499
005 20250521000000.0
009 20260310095915.135
020 |a 970-654-375-9 
037 |a Acervo ITESO - Biblioteca 
041 |a ESP 
082 |a 420. 72  |b COL 1999 
111 |a Coloquio de Lenguas Extranjeras (  |n 2o :  |d 1999 :  |c Universidad Autónoma Metropolitana Azcapotzalco) 
245 1 0 |a Memorias del segundo coloquio de lenguas extranjeras /  |c Coloquio de Lenguas Extranjeras ; comp. de V. Valero Borrás, G. Cortés Sánchez. 
264 4 |a México :  |b Universidad Autónoma Metropolitana Azcapotzalco, División de Ciencias Sociales y Humanidades,  |c 2001, c2001 
300 |a 156 p. 
336 |a texto  |b txt  |2 rdacontenido 
337 |a sin mediación  |b n  |2 rdamedio 
338 |a volumen  |b nc  |2 rdasoporte 
440 1 |a (Memorias) 
649 |a XX 
650 |a Inglés -  |x Estudio y Enseñanza -  |x Congresos 
650 |a Lenguas -  |x Estudio y Enseñanza 
650 |a Lingüística Comparativa 
650 |a Aprendizaje Verbal 
650 |a Lenguaje (Adquisición) 
650 |a Lenguaje y Pensamiento 
650 |a Enseñanza Programada 
650 |a Talleres Educativos 
650 |a Competencias (Educación) 
650 |a Motivación 
650 |a Problemas de Aprendizaje 
650 |a Calidad de la Educación 
650 |a Proceso Educativo 
650 |a Evaluación Educativa 
650 |a Formación y Capacitación de Profesores 
650 |a Educación Intercultural 
650 |a Educación Superior 
650 |a Educación Media 
650 |a Educación Formal 
650 |a Educación 
700 |a Valero Borrás, Vida  |e (compilación) 
700 |a Cortés Sánchez, Gabriela  |e (compilación) 
910 |a Fondo General 
920 |a Impresos - Libros 
930 |a Colección General 
905 |a 101 
901 |a 0500076040  |b IT1  |c ACC  |u 20250521 
902 |a https://opac.biblio.iteso.mx/vufind/Record/000146499